|
|
|
|
| LEADER |
01415nam a2200253 a 4500 |
| 001 |
27467740 |
| 003 |
GR-PaULI |
| 008 |
180905s gr e 000 0 gre|c |
| 020 |
|
|
|a 9608437407
|
| 040 |
|
|
|a GrPaTEI
|b gre
|c GR-PaULI
|
| 082 |
0 |
4 |
|a 883.01
|2 23
|
| 245 |
0 |
0 |
|a Ησίοδος <<Θεογονία>>, <<Έργα και Ημέραι>>, <<Ασπίς Ηρακλέους>> και Απολλώνιος ο Ρόδιος<<Αργοναυτικά>>
|b επική ποίηση .
|
| 260 |
|
|
|a Αθήνα :
|b Ζήτρος,
|c c2005
|
| 300 |
|
|
|a 489 σ. ;
|c 24 εκ.
|
| 490 |
0 |
|
|a Μεταφρασμένοι συγγραφείς της Αρχαίας Ελληνικής Γραμματείας;
|v 3
|
| 650 |
|
4 |
|a Απολλώνιος, ο Ρόδιος, 3ος αι. π.Χ.
|
| 650 |
|
4 |
|a Αρχαία Ελληνική Γραμματεία
|x Κείμενα
|x Απολλώνιος ο Ρόδιος.
|
| 650 |
|
4 |
|a Αρχαία Ελληνική Γραμματεία
|x Κείμενα
|x Ησίοδος.
|
| 650 |
|
4 |
|a Ησίοδος
|x 750-700 π.Χ.
|
| 700 |
1 |
|
|a Μαυρόπουλος, Θεόδωρος Γ.
|e μεταφραστής.
|
| 942 |
|
|
|2 ddc
|
| 952 |
|
|
|0 0
|1 0
|2 ddc
|4 0
|6 883_010000000000000_ΗΣΙ
|7 0
|9 318906
|a LISK
|b LISK
|c BSC
|d 2021-01-17
|e 24
|f 0
|g 0.00
|l 0
|o 883.01 ΗΣΙ
|p 99241000065878
|r 2021-01-17 00:00:00
|t 1
|w 2021-01-17
|y BK15
|x Purchase/Donation Number
|x General Note
|x GrPaTEI
|
| 971 |
|
|
|a .b27467740
|b 15-04-20
|c 05-09-18
|
| 999 |
|
|
|c 181115
|d 181115
|